Markets (Record no. 81953)

MARC details
000 -LEADER
fixed length control field 01107cab a22002055a 4500
001 - CONTROL NUMBER
control field L148779
008 - FIXED-LENGTH DATA ELEMENTS--GENERAL INFORMATION
fixed length control field 091109e20091023xxkbdo f 000 0 eng d
035 ## - SYSTEM CONTROL NUMBER
System control number (Sirsi) u148779
041 0# - LANGUAGE CODE
Language code of text/sound track or separate title eng
100 1# - MAIN ENTRY--PERSONAL NAME
Personal name Watson, Stuart
245 00 - TITLE STATEMENT
Title Markets
Remainder of title East Midlands
260 ## - PUBLICATION, DISTRIBUTION, ETC.
Date of publication, distribution, etc. 2009
490 #0 - SERIES STATEMENT
Series statement Property Week
Volume/sequential designation 75(43) 23 October 2009, 43-52(6)
520 ## - SUMMARY, ETC.
Summary, etc. Nottingham City Council?s purchase of the former Capital One headquarters next to the city?s railway station will be the biggest East Midlands? office market transaction in seven years. Westfield?s proposed £700m Broadmarsh Centre retail redevelopment faces further long-term delay. North Northamptonshire?s housing development market has been provisionally allocated £60m from the Homes and Communities Agency?s Kickstart programme, the largest amount given to any UK area. Industrial letting activity is returning to the region, spurred on by favourable terms. Map. Table.
590 ## - LOCAL NOTE (RLIN)
Local note KA
651 #4 - SUBJECT ADDED ENTRY--GEOGRAPHIC NAME
Geographic name East Midlands (England)
690 ## - LOCAL SUBJECT ADDED ENTRY--TOPICAL TERM (OCLC, RLIN)
Topical term or geographic name as entry element PROPERTY-COMMERCIAL PROPERTY-COMMERCIAL PROPERTY MARKET
700 1# - ADDED ENTRY--PERSONAL NAME
Personal name Gadsby, Peter
942 ## - ADDED ENTRY ELEMENTS (KOHA)
Suppress in OPAC 0
Holdings
Withdrawn status Lost status Source of classification or shelving scheme Damaged status Not for loan Home library Current library Shelving location Date acquired Total Checkouts Full call number Barcode Date last seen Copy number Price effective from Koha item type
    Dewey Decimal Classification     London London Journal article 09/11/2009   L148779 148779-1001 06/08/2019 1 06/08/2019 Journal article